00498 2200181 4500001002100000005001700021008004100038035002400079082000800103090001400111100003000125245005000155250001100205260004500216300002500261650001800286990001200304YOGYA-0412000000031820120422203832.0 ind  0010-041200000000318 a823 a823 Cla O aCLARK, Walter Van Tilburg aThe Ox-bow incident / Walter Van Tiburg Clark aCet 19 aNew YorkbThe New American Libraryc1960 a223 hlmbilusc18 cm aFiksi Inggris a10027-a